Agenda del maestro : (Record no. 1162)

MARC details
000 -CABECERA
campo de control de longitud fija 00786nam a2200253 a 4500
003 - IDENTIFICADOR DEL NÚMERO DE CONTROL
campo de control MX-MxUPN
005 - FECHA Y HORA DE LA ÚLTIMA TRANSACCIÓN
campo de control 20240828113410.0
008 - ELEMENTOS DE LONGITUD FIJA--INFORMACIÓN GENERAL
campo de control de longitud fija 991125s1940 mx a fr 000 0 spa d
035 ## - NÚMERO DE CONTROL DEL SISTEMA
Número de control de sistema UPN01000001162
040 ## - FUENTE DE LA CATALOGACIÓN
Centro catalogador/agencia de origen UPN
Lengua de catalogación spa
Centro/agencia transcriptor UPN
049 ## - COLECCIÓN
Colección CE
050 #4 - SIGNATURA TOPOGRÁFICA DE LA BIBLIOTECA DEL CONGRESO
Número de clasificación LB2000
Número de documento/Ítem A33 1940
245 00 - MENCIÓN DE TÍTULO
Título Agenda del maestro :
Resto del título año de 1940
260 ## - PUBLICACIÓN, DISTRIBUCIÓN, ETC.
Lugar de publicación, distribución, etc. México, D.F. :
Nombre del editor, distribuidor, etc. La Pluma Fuente,
Fecha de publicación, distribución, etc. 1940.
300 ## - DESCRIPCIÓN FÍSICA
Extensión 388 páginas :
Otras características físicas ilustraciones
520 ## - NOTA DE RESUMEN, ETC.
Sumario, etc. Disponible en la Colección Medina
650 #4 - ASIENTO SECUNDARIO DE MATERIA - TERMINO TEMATICO
Término de materia o nombre geográfico como elemento de entrada Maestros
Subdivisión geográfica México
9 (RLIN) 830
700 1# - ASIENTO SECUNDARIO--NOMBRE DE PERSONAL
Nombre de persona Rubio Villagrán, J.
Término indicativo de función/relación edición
9 (RLIN) 53281
700 1# - ASIENTO SECUNDARIO--NOMBRE DE PERSONAL
Nombre de persona Bermudez, R. D.
Término indicativo de función/relación edición
9 (RLIN) 53289
710 2# - ASIENTO SECUNDARIO - NOMBRE CORPORATIVO
9 (RLIN) 51335
Nombre de entidad corporativa o nombre de jurisdicción como elemento de entrada Museo Pedagógico Nacional (México)
Término indicativo de función/relación propietario anterior
902 ## - ELEMENTOS DE DATOS B LOCAL, LDB (RLIN)
Modificó MaríaRobles/280824
905 ## - TIPO DE MATERIAL
Tipo de material Libro
942 ## - ELEMENTOS DE PUNTO DE ACCESO ADICIONAL (KOHA)
Fuente del sistema de clasificación o colocación Library of Congress Classification
Tipo de ítem Koha Libro
Suprimir en OPAC No
Holdings
Estado de retiro Estado de pérdida Fuente del sistema de clasificación o colocación Estado dañado No para préstamo Código de colección Localización permanente Ubicación/localización actual Ubicación en estantería Fecha de adquisición Clasificación Código de barras Fecha visto por última vez Número de copia Tipo de ítem Koha Nota pública Total de préstamos
    Library of Congress Classification   Disponible (Préstamo en sala) Colección Medina Bib. Gregorio Torres Quintero Bib. Gregorio Torres Quintero Colecciones especiales Planta alta 30/01/2023 LB2000 A33 1940 102115 31/12/2020 1 Libro    
    Library of Congress Classification   Disponible (Previa cita) Fondo Reservado de libros Bib. Gregorio Torres Quintero Bib. Gregorio Torres Quintero Sala de Fondos Reservados Planta alta 18/11/2022 LB2000 A33 1940 10118 31/12/2020   Libro Ejemplar con sello del Museo Pedagógico Nacional  
    Library of Congress Classification   Coleccion Esp. Colección Especial Bib. Gregorio Torres Quintero Bib. Gregorio Torres Quintero Colección Especial   LB2000 A33 1940 21594 31/12/2020 1 Libro    
    Library of Congress Classification   Disponible (Previa cita) Fondo Reservado de libros Bib. Gregorio Torres Quintero Bib. Gregorio Torres Quintero Sala de Fondos Reservados Planta alta 18/11/2022 LB2000 A33 1940 21593 31/12/2020   Libro